Современные маркетинговые коммуникации; Энергия молодых - экономике России; Ч. 2

Bibliographische Detailangaben
Parent link:Энергия молодых - экономике России: труды IX Международной научно-практической конференции студентов и молодых ученых, г. Томск, 19-22 мая 2008 г./ Томский политехнический университет (ТПУ) ; Вольное экономическое общество России ; Международный союз экономистов (МСЭ).— , 2008
Ч. 2.— 2008.— С. 224-225
1. Verfasser: Сухичева Я. Н.
Weitere Verfasser: Могильницкая Г. О. Галина Олеговна (научный руководитель)
Sprache:Russisch
Veröffentlicht: 2008
Schlagworte:
Format: MixedMaterials Buchkapitel
KOHA link:https://koha.lib.tpu.ru/cgi-bin/koha/opac-detail.pl?biblionumber=159662

MARC

LEADER 00000naa2a2200000 4500
001 159662
005 20231031155322.0
035 |a (RuTPU)RU\TPU\book\173171 
090 |a 159662 
100 |a 20090513d2008 k y0rusy50 ca 
101 0 |a rus 
102 |a RU 
200 1 |a Современные маркетинговые коммуникации  |f Я. Н. Сухичева  |g науч. рук. Г. О. Могильницкая 
320 |a Библиогр.: 4 назв. 
461 1 |0 (RuTPU)RU\TPU\book\166087  |t Энергия молодых - экономике России  |o труды IX Международной научно-практической конференции студентов и молодых ученых, г. Томск, 19-22 мая 2008 г.  |f Томский политехнический университет (ТПУ) ; Вольное экономическое общество России ; Международный союз экономистов (МСЭ)  |d 2008 
463 0 |0 (RuTPU)RU\TPU\book\167192  |t Ч. 2  |v С. 224-225  |d 2008 
610 1 |a маркетинговые коммуникации 
610 1 |a реклама 
610 1 |a эффективность 
610 1 |a рекламные издания 
610 1 |a труды учёных ТПУ 
700 1 |a Сухичева  |b Я. Н. 
702 1 |a Могильницкая  |b Г. О.  |c российский учёный в области экономики  |c доцент Томского политехнического университета  |g Галина Олеговна  |2 stltpush  |3 (RuTPU)RU\TPU\pers\29197  |4 727 
801 1 |a RU  |b 63413507  |c 20090513  |g PSBO 
801 2 |a RU  |b 63413507  |c 20161122  |g RCR 
942 |c BK